| 000 | 00603nam a2200229Ia 4500 | ||
|---|---|---|---|
| 008 | 180523s9999 xx 000 0 und d | ||
| 020 | _a978-812-073118-9 | ||
| 050 | _aMAIN G 155 | ||
| 050 | _b.B43 2006 | ||
| 100 | _aBhatia, A.K. | ||
| 245 | 4 | _aThe Business of tourism : | |
| 245 | 0 | _bconcepts and strategies / | |
| 245 | 0 | _cA.K. Bhatia. | |
| 260 | _aNew Delhi : | ||
| 260 | _bSterling Publishers, | ||
| 260 | _c2006 | ||
| 300 | _a435 pages : | ||
| 300 | _c25 cm. | ||
| 500 | _aIncludes bibliographical references and index. | ||
| 650 | _aTourism. | ||
| 650 | _xTourism -- Management. | ||
| 999 |
_c356623 _d356623 |
||